000 00484nam a22001577a 4500
020 _a620.0042085
082 _a620.00420285
_bBER
_cL-2, P-163
100 _aBertoline, Gary R.,
_97936
245 _aAutocad for Engineering Graphics
_cBertoline, Gary R.,
260 _aNew York
_bMacmillan
_cc1990.
300 _aiii, 515 p. :
_bill. :
_c29 cm
_epic
526 _a0
_b0
_c0
_d620_004202850000000_BER
526 _a0
_b0
_c0
_d620_004202850000000_BER
650 _aMCE
_9379
942 _2ddc
_cBK
999 _c544771
_d544771